[Event "SV Turm Bergheim 1 - SV Erftstadt 1"]
[Site "Verbandsliga - West 2016/2017"]
[Date "2017.02.19"]
[Round "8.8"]
[White "Fricke, Rudolf"]
[Black "Grothues-Lay, Kay"]
[Result "0-1"]
[WhiteElo "1756"]
[BlackElo "1785"]
[PlyCount "114"]
[EventDate "2017.??.??"]
[WhiteTeam "SV Turm Bergheim 1"]
[BlackTeam "SV Erftstadt 1"]

1. c4 f5 2. Nc3 Nf6 3. Nf3 e6 4. d3 d5 5. e3 c6 6. Be2 Bd6 7. d4 Nbd7 8. cxd5
exd5 9. O-O O-O 10. Ng5 Qe7 11. f4 Ne4 12. Nf3 Rf6 13. Qe1 Rh6 14. Ne5 Ndf6 15.
Bf3 Be6 16. Bxe4 dxe4 17. Bd2 Kh8 18. Qe2 Rg8 19. Be1 Qe8 20. h4 Bxe5 21. dxe5
Ng4 22. g3 Qf7 23. b3 Rd8 24. Rd1 Bd5 25. Bf2 Re6 26. Rd4 Re7 27. Rfd1 Red7 28.
Nxd5 Rxd5 29. Qc4 Kg8 30. Kg2 R8d7 31. Bg1 h6 32. Rxd5 Rxd5 33. Rxd5 Qxd5 34.
Qxd5+ cxd5 35. Kf1 h5 36. Ke2 Kf7 37. Kd2 Ke6 38. Kc3 Nh6 39. Kb4 Nf7 40. a3
Nd8 41. Kc5 Nc6 42. Bf2 Nb8 43. Be1 Nd7+ 44. Kd4 b6 45. b4 a6 46. Bd2 Nb8 47.
Kc3 Nc6 48. Be1 Kd7 49. Bf2 Nd8 50. a4 Ne6 51. Kb3 Kc6 52. Kc3 a5 53. b5+ Kd7
54. Be1 Nc5 55. Kd4 Ke6 56. Bxa5 Nb3+ 57. Kc3 Nxa5 0-1

[Event "PTSV Aachen 1 - SV Turm Bergheim 1"]
[Site "Verbandsliga - West 2016/2017"]
[Date "2017.01.29"]
[Round "7.2"]
[White "M�ller, Norbert"]
[Black "B�chel, J�rgen"]
[Result "1-0"]
[WhiteElo "2026"]
[BlackElo "1797"]
[PlyCount "33"]
[EventDate "2017.??.??"]
[WhiteTeam "PTSV Aachen 1"]
[BlackTeam "SV Turm Bergheim 1"]

1. d4 {[%emt 0:00:00]} c5 2. Nf3 e6 3. e3 Nf6 4. Bd3 d5 5. b3 b6 6. O-O Be7 7.
Bb2 O-O 8. c4 Bb7 9. Ne5 Nbd7 10. f4 Rc8 11. Qe2 Ne4 12. Nxd7 Qxd7 13. Bxe4
dxe4 14. Rd1 Qc7 15. Nc3 cxd4 16. Nb5 d3 17. Qg4 1-0

[Event "PTSV Aachen 1 - SV Turm Bergheim 1"]
[Site "Verbandsliga - West 2016/2017"]
[Date "2017.01.29"]
[Round "7.3"]
[White "H�rtel, Stephan"]
[Black "Esser, Thomas"]
[Result "0-1"]
[WhiteElo "1884"]
[BlackElo "1973"]
[PlyCount "48"]
[EventDate "2017.??.??"]
[WhiteTeam "SV Turm Bergheim 1"]
[BlackTeam "PTSV Aachen 1"]

1. e4 c5 2. d4 cxd4 3. c3 Nf6 4. e5 Nd5 5. Nf3 Nc6 6. Bc4 e6 7. cxd4 d6 8. O-O
Be7 9. a3 O-O 10. Bd3 Bd7 11. Bd2 Qb6 12. Bc3 Nxc3 13. Nxc3 dxe5 14. dxe5 Rfd8
15. Qe2 Be8 16. Rfd1 Nd4 17. Nxd4 Rxd4 18. Bc2 Rad8 19. Rxd4 Rxd4 20. Rb1 Bc6
21. Rd1 Rxd1+ 22. Bxd1 Qd4 23. Qe1 Bg5 24. Qe2 Bf4 0-1

[Event "PTSV Aachen 1 - SV Turm Bergheim 1"]
[Site "Verbandsliga - West 2016/2017"]
[Date "2017.01.29"]
[Round "7.4"]
[White "Drose, Daniela"]
[Black "Buller, Ivan"]
[Result "1/2-1/2"]
[WhiteElo "1955"]
[BlackElo "1837"]
[PlyCount "32"]
[EventDate "2017.??.??"]
[WhiteTeam "PTSV Aachen 1"]
[BlackTeam "SV Turm Bergheim 1"]

1. c4 e5 2. Nc3 Nc6 3. Nf3 f5 4. d3 Bb4 5. Bd2 Bxc3 6. Bxc3 d6 7. e3 Nf6 8. Be2
O-O 9. O-O Qe8 10. d4 Ne4 11. Qb3 Nxc3 12. bxc3 e4 13. Nd2 Na5 14. Qb5 Nc6 15.
Qb3 Na5 16. Qb5 Nc6 1/2-1/2

[Event "PTSV Aachen 1 - SV Turm Bergheim 1"]
[Site "Verbandsliga - West 2016/2017"]
[Date "2017.01.29"]
[Round "7.5"]
[White "Bergmann, Thomas"]
[Black "Fournell, Udo"]
[Result "0-1"]
[WhiteElo "1731"]
[BlackElo "1858"]
[PlyCount "92"]
[EventDate "2017.??.??"]
[WhiteTeam "SV Turm Bergheim 1"]
[BlackTeam "PTSV Aachen 1"]

1. Nc3 d5 2. e4 dxe4 3. Nxe4 Bf5 4. Ng3 Bg6 5. Nf3 Nd7 6. d4 e6 7. Bc4 c6 8.
O-O h6 9. Qe2 Be7 10. Ne5 Nxe5 11. dxe5 Bc5 12. Nh5 Bxh5 13. Qxh5 Qe7 14. c3
O-O-O 15. b4 Bb6 16. a4 g6 17. Qe2 Qd7 18. a5 Bc7 19. b5 cxb5 20. Bxb5 Qd5 21.
Bf4 a6 22. Bc4 Qc5 23. Bxa6 bxa6 24. Qxa6+ Kd7 25. Rfd1+ Ke8 26. Rxd8+ Bxd8 27.
Qa8 Ne7 28. a6 Nd5 29. Bd2 Nc7 30. Qe4 Qd5 31. Qe2 Bg5 32. f4 Be7 33. Be3 Kf8
34. a7 Kg7 35. Rd1 Qc6 36. Qd2 Nd5 37. Bd4 Bc5 38. g3 Ra8 39. Ra1 Qb6 40. Kg2
Rxa7 41. Re1 Bxd4 42. cxd4 Qb3 43. Re2 Ra3 44. Qe1 Qf3+ 45. Kg1 Re3 46. Rxe3
Nxe3 0-1

[Event "PTSV Aachen 1 - SV Turm Bergheim 1"]
[Site "Verbandsliga - West 2016/2017"]
[Date "2017.01.29"]
[Round "7.6"]
[White "Whitmire, James David"]
[Black "Kr�ckeberg, Bernd"]
[Result "1-0"]
[WhiteElo "2000"]
[BlackElo "1781"]
[PlyCount "91"]
[EventDate "2017.??.??"]
[WhiteTeam "PTSV Aachen 1"]
[BlackTeam "SV Turm Bergheim 1"]

1. d4 c6 2. Nf3 d5 3. e3 Nf6 4. Bd3 Bg4 5. c3 e6 6. Nbd2 Bd6 7. e4 dxe4 8. Nxe4
Nxe4 9. Bxe4 Nd7 10. O-O Nf6 11. Bd3 O-O 12. Re1 Qc7 13. h3 Bh5 14. g4 Bg6 15.
Ne5 Bxd3 16. Qxd3 Rad8 17. Bf4 c5 18. Bg3 cxd4 19. Qxd4 Bxe5 20. Qxe5 Qxe5 21.
Bxe5 Rd2 22. Rab1 Rfd8 23. Kf1 h6 24. Bd4 a6 25. Re2 Rxe2 26. Kxe2 e5 27. Bxe5
Re8 28. f4 Nd7 29. Rd1 Nxe5 30. fxe5 Rxe5+ 31. Kf3 Re7 32. Rd8+ Kh7 33. Rd4 g6
34. c4 Kg7 35. b4 Kf6 36. c5 Re1 37. Rd7 Re7 38. Rxe7 Kxe7 39. Ke4 Ke6 40. h4
f6 41. h5 gxh5 42. gxh5 f5+ 43. Kf4 Kf6 44. a4 Ke6 45. b5 axb5 46. axb5 1-0

[Event "PTSV Aachen 1 - SV Turm Bergheim 1"]
[Site "Verbandsliga - West 2016/2017"]
[Date "2017.01.29"]
[Round "7.7"]
[White "Esper, Tim"]
[Black "Bieberle, Gerhart"]
[Result "1/2-1/2"]
[WhiteElo "1512"]
[BlackElo "1911"]
[PlyCount "43"]
[EventDate "2017.??.??"]
[WhiteTeam "SV Turm Bergheim 1"]
[BlackTeam "PTSV Aachen 1"]

1. Nf3 d5 2. d4 Bf5 3. Bf4 e6 4. e3 Bd6 5. Bxd6 Qxd6 6. c3 Ne7 7. Nbd2 Nd7 8.
Nh4 Bg6 9. Nxg6 Nxg6 10. Nf3 O-O 11. Be2 f6 12. O-O c6 13. c4 a6 14. Qb3 b5 15.
cxd5 cxd5 16. Rac1 Nb6 17. Qd1 Rfc8 18. Qd2 Nc4 19. Bxc4 bxc4 20. b3 cxb3 21.
axb3 Qb6 22. Qa2 1/2-1/2

[Event "PTSV Aachen 1 - SV Turm Bergheim 1"]
[Site "Verbandsliga - West 2016/2017"]
[Date "2017.01.29"]
[Round "7.8"]
[White "Pyta, Lorenz"]
[Black "Sarnecki, Ingo"]
[Result "1/2-1/2"]
[WhiteElo "1838"]
[BlackElo "1565"]
[PlyCount "47"]
[EventDate "2017.??.??"]
[WhiteTeam "PTSV Aachen 1"]
[BlackTeam "SV Turm Bergheim 1"]

1. c4 e5 2. Nc3 Nc6 3. g3 Nf6 4. Bg2 Bb4 5. d3 d5 6. cxd5 Nxd5 7. Bd2 Be6 8.
Nf3 Be7 9. O-O O-O 10. a3 a5 11. Rc1 Nxc3 12. Bxc3 f6 13. a4 Bd5 14. e4 Be6 15.
d4 exd4 16. Nxd4 Nxd4 17. Qxd4 Qxd4 18. Bxd4 c6 19. Bc5 Bxc5 20. Rxc5 Bb3 21.
Ra1 Rfd8 22. Rc3 Rd1+ 23. Rxd1 Bxd1 24. h3 1/2-1/2

[Event "SV Turm Bergheim 1 - SVG Alsdorf 1"]
[Site "Verbandsliga - West 2016/2017"]
[Date "2017.01.08"]
[Round "6.1"]
[White "Burovic, Ismet"]
[Black "Fuhs, J�rgen"]
[Result "1-0"]
[WhiteElo "2302"]
[BlackElo "2020"]
[PlyCount "59"]
[EventDate "2017.??.??"]
[WhiteTeam "SVG Alsdorf 1"]
[BlackTeam "SV Turm Bergheim 1"]

1. e4 c5 2. d3 Nc6 3. g3 e6 4. Bg2 d5 5. Nd2 Nf6 6. Ngf3 Be7 7. O-O h6 8. c3
dxe4 9. dxe4 Qd3 10. Ne1 Qa6 11. f4 Bd7 12. Bf3 Na5 13. b3 Qb6 14. Rf2 Bc6 15.
Qc2 g5 16. a3 Bb5 17. c4 Bd7 18. e5 Nh7 19. Nd3 Nc6 20. Bb2 Qc7 21. Ne4 Nd4 22.
Bxd4 cxd4 23. c5 gxf4 24. Nd6+ Bxd6 25. exd6 Qc8 26. Nxf4 Ng5 27. Bh5 Qc6 28.
h4 Ne4 29. Bxf7+ Kxf7 30. Nd5+ 1-0

[Event "SV Turm Bergheim 1 - SVG Alsdorf 1"]
[Site "Verbandsliga - West 2016/2017"]
[Date "2017.01.08"]
[Round "6.2"]
[White "Dahms, Reinhard"]
[Black "Kojic, Tigran"]
[Result "0-1"]
[WhiteElo "1905"]
[BlackElo "2325"]
[PlyCount "44"]
[EventDate "2017.??.??"]
[WhiteTeam "SV Turm Bergheim 1"]
[BlackTeam "SVG Alsdorf 1"]

1. e4 d6 2. d4 Nf6 3. Nc3 g6 4. Nf3 Bg7 5. Bg5 h6 6. Be3 O-O 7. Bc4 c6 8. Qd2
d5 9. exd5 cxd5 10. Bd3 Kh7 11. O-O Nc6 12. Rfe1 e6 13. Ne5 Bd7 14. Nxc6 Bxc6
15. h3 Rc8 16. g4 Ne4 17. Nxe4 dxe4 18. Be2 Qh4 19. Bf1 f5 20. Bf4 Rcd8 21. Bg3
Qf6 22. Be5 Qxe5 0-1

[Event "SV Turm Bergheim 1 - SVG Alsdorf 1"]
[Site "Verbandsliga - West 2016/2017"]
[Date "2017.01.08"]
[Round "6.3"]
[White "Sutkovic, Damir"]
[Black "H�rtel, Stephan"]
[Result "1-0"]
[WhiteElo "2347"]
[BlackElo "1884"]
[PlyCount "81"]
[EventDate "2017.??.??"]
[WhiteTeam "SVG Alsdorf 1"]
[BlackTeam "SV Turm Bergheim 1"]

1. d4 Nf6 2. c4 g6 3. Nc3 d5 4. cxd5 Nxd5 5. Bd2 Bg7 6. e4 Nxc3 7. Bxc3 O-O 8.
Nf3 c5 9. d5 e6 10. Bc4 exd5 11. Bxd5 Na6 12. Rc1 Qe7 13. O-O Rb8 14. Re1 Bg4
15. h3 Be6 16. Qb3 Rfe8 17. Bxg7 Kxg7 18. Qc3+ Kg8 19. Ne5 f6 20. Ng4 Kg7 21.
Bxe6 Qxe6 22. Qe3 Re7 23. Rcd1 b6 24. Qh6+ Kh8 25. Qf4 g5 26. Qxf6+ Qxf6 27.
Nxf6 Nb4 28. Nd5 Nxd5 29. Rxd5 h6 30. f3 Kg7 31. Red1 Rc8 32. Kf2 Rcc7 33. Ke3
Kf6 34. Rd6+ Re6 35. f4 gxf4+ 36. Kxf4 Rg7 37. e5+ Ke7 38. Rd7+ Kf8 39. Rxg7
Kxg7 40. Rd7+ Kg6 41. Rxa7 1-0

[Event "SV Turm Bergheim 1 - SVG Alsdorf 1"]
[Site "Verbandsliga - West 2016/2017"]
[Date "2017.01.08"]
[Round "6.5"]
[White "Reinhard, Marcus"]
[Black "Bergmann, Thomas"]
[Result "1/2-1/2"]
[WhiteElo "2034"]
[BlackElo "1731"]
[PlyCount "83"]
[EventDate "2017.??.??"]
[WhiteTeam "SVG Alsdorf 1"]
[BlackTeam "SV Turm Bergheim 1"]

1. e4 Nc6 2. Nc3 Nf6 3. f4 d6 4. d4 Bg4 5. Qd3 d5 6. e5 Ne4 7. Be3 Nxc3 8. Qxc3
a6 9. Qd2 e6 10. a3 Be7 11. Bd3 Qd7 12. h3 Bh4+ 13. Kf1 Bf5 14. Bxf5 exf5 15.
Nf3 Be7 16. Kf2 O-O-O 17. Qd3 g6 18. b4 Na7 19. c3 Qb5 20. Ke2 Qxd3+ 21. Kxd3
h5 22. g3 c6 23. Rhg1 Nb5 24. a4 Nc7 25. g4 hxg4 26. hxg4 fxg4 27. Rxg4 Ne6 28.
Rf1 Ng7 29. Ke2 Nf5 30. e6 fxe6 31. Rxg6 Rdg8 32. Rfg1 Rxg6 33. Rxg6 Rh6 34.
Rg8+ Kc7 35. Ne5 Rh2+ 36. Bf2 Bh4 37. Nd3 Ng3+ 38. Kf3 Ne4 39. Rg7+ Kb8 40.
Bxh4 Rxh4 41. Nc5 Nxc5 42. bxc5 1/2-1/2

[Event "SV Turm Bergheim 1 - SVG Alsdorf 1"]
[Site "Verbandsliga - West 2016/2017"]
[Date "2017.01.08"]
[Round "6.6"]
[White "Kr�ckeberg, Bernd"]
[Black "Schettler, J�rgen"]
[Result "1-0"]
[WhiteElo "1781"]
[BlackElo "1995"]
[PlyCount "72"]
[EventDate "2017.??.??"]
[WhiteTeam "SV Turm Bergheim 1"]
[BlackTeam "SVG Alsdorf 1"]

1. e4 e6 2. d4 d5 3. Nd2 Nf6 4. e5 Nfd7 5. Bd3 c5 6. c3 Nc6 7. Ne2 cxd4 8. cxd4
f6 9. exf6 Nxf6 10. Nf3 Bd6 11. O-O O-O 12. Nc3 Bd7 13. Bg5 Qb6 14. Qd2 Kh8 15.
Bc2 Rae8 16. Rfe1 a6 17. Rad1 Qc7 18. Bh4 Bf4 19. Qe2 b5 20. a3 g6 21. Bg3 Bxg3
22. hxg3 Ng4 23. Qd3 Rf6 24. Re2 Ref8 25. Rde1 Bc8 26. Nd1 Qg7 27. Ne3 Rxf3 28.
gxf3 Rxf3 29. Kg2 e5 30. Qc3 Qf8 31. Qxc6 Rxf2+ 32. Kg1 Rf6 33. Qxd5 Rd6 34.
Qc5 Bb7 35. Nxg4 Qf3 36. Qxe5+ Kg8 1-0

[Event "SV Turm Bergheim 1 - SVG Alsdorf 1"]
[Site "Verbandsliga - West 2016/2017"]
[Date "2017.01.08"]
[Round "6.7"]
[White "Krug, Reinhard"]
[Black "Esper, Tim"]
[Result "1/2-1/2"]
[WhiteElo "1934"]
[BlackElo "1512"]
[PlyCount "27"]
[EventDate "2017.??.??"]
[WhiteTeam "SVG Alsdorf 1"]
[BlackTeam "SV Turm Bergheim 1"]

1. d4 d5 2. Nf3 Nf6 3. c4 e6 4. Nc3 Be7 5. Bg5 O-O 6. e3 c6 7. Bd3 Nbd7 8. O-O
dxc4 9. Bxc4 Nd5 10. Bxe7 Qxe7 11. Rc1 Nxc3 12. Rxc3 e5 13. dxe5 Nxe5 14. Nxe5
1/2-1/2

[Event "SV Turm Bergheim 1 - SVG Alsdorf 1"]
[Site "Verbandsliga - West 2016/2017"]
[Date "2017.01.08"]
[Round "6.8"]
[White "Otto, Friedhelm"]
[Black "Schubert, Karl"]
[Result "0-1"]
[WhiteElo "1609"]
[BlackElo "1938"]
[PlyCount "138"]
[EventDate "2017.??.??"]
[WhiteTeam "SV Turm Bergheim 1"]
[BlackTeam "SVG Alsdorf 1"]

1. d4 d6 2. e4 Nf6 3. Nc3 g6 4. Nf3 Bg7 5. Bc4 c6 6. Bg5 b5 7. Bb3 b4 8. Bxf6
exf6 9. Ne2 Qe7 10. Nd2 Bb7 11. O-O O-O 12. c3 a5 13. Re1 Nd7 14. Ng3 Nb6 15.
Nc4 Qc7 16. Nxb6 Qxb6 17. Rc1 Rac8 18. Qe2 h5 19. Rcd1 Kh7 20. Qc2 c5 21. dxc5
Qxc5 22. Qd3 bxc3 23. bxc3 Rcd8 24. Qd4 Qxd4 25. cxd4 h4 26. Nf1 Rc8 27. f3 Bh6
28. Ne3 Ba6 29. Nd5 Kg7 30. Nb6 Rc6 31. Nd5 Rb8 32. Rb1 Bd3 33. Bc2 Rxb1 34.
Bxb1 Bxb1 35. Rxb1 Rc2 36. a3 Rd2 37. Rb5 Rxd4 38. Rxa5 Rd1+ 39. Kf2 Ra1 40. f4
g5 41. g3 Ra2+ 42. Kg1 h3 43. Ra6 Rg2+ 44. Kh1 Re2 45. Kg1 Rxe4 46. Kf2 Rd4 47.
Ne3 Rd2+ 48. Kf3 Kg6 49. f5+ Kh7 50. g4 Rxh2 51. Rxd6 Ra2 52. Rd1 Bf8 53. Rh1
h2 54. Nf1 Bd6 55. a4 Kg7 56. a5 Rxa5 57. Nxh2 Ra3+ 58. Kg2 Ra2+ 59. Kh3 Kf8
60. Nf1 Bf4 61. Rg1 Ke7 62. Ng3 Ra3 63. Re1+ Kd6 64. Rd1+ Kc5 65. Rg1 Rf3 66.
Rg2 Kd4 67. Rg1 Rxg3+ 68. Rxg3 Bxg3 69. Kxg3 Ke3 0-1

[Event "SV Horrem 1 - SV Turm Bergheim 1"]
[Site "Verbandsliga - West 2016/2017"]
[Date "2016.12.18"]
[Round "5.1"]
[White "Fuhs, J�rgen"]
[Black "Rechner, Klaus"]
[Result "1/2-1/2"]
[WhiteElo "2020"]
[BlackElo "2049"]
[PlyCount "20"]
[EventDate "2016.??.??"]
[WhiteTeam "SV Turm Bergheim 1"]
[BlackTeam "SV Horrem 1"]

1. Nf3 d5 2. d4 Nf6 3. g3 e6 4. Bg2 Be7 5. O-O O-O 6. b3 c6 7. Bb2 Nbd7 8. Nbd2
b6 9. c4 Bb7 10. e3 Rc8 1/2-1/2

[Event "SV Horrem 1 - SV Turm Bergheim 1"]
[Site "Verbandsliga - West 2016/2017"]
[Date "2016.12.18"]
[Round "5.2"]
[White "Hannaske, Arno"]
[Black "B�chel, J�rgen"]
[Result "1-0"]
[WhiteElo "2003"]
[BlackElo "1797"]
[PlyCount "57"]
[EventDate "2016.??.??"]
[WhiteTeam "SV Horrem 1"]
[BlackTeam "SV Turm Bergheim 1"]

1. e4 e6 2. d4 d5 3. Nd2 dxe4 4. Nxe4 Nf6 5. Nxf6+ Qxf6 6. Nf3 h6 7. Bd3 c5 8.
Be3 Nc6 9. O-O a6 10. c3 cxd4 11. Nxd4 Bd7 12. Be4 Be7 13. Nxc6 Bxc6 14. Bxc6+
bxc6 15. Qa4 e5 16. Qc4 O-O 17. Rfd1 Rfd8 18. Rxd8+ Bxd8 19. Rd1 Be7 20. h3 Rd8
21. Rxd8+ Bxd8 22. Qxa6 Kh7 23. Qd3+ g6 24. Qd7 Be7 25. a4 Bf8 26. b4 Kg7 27.
a5 c5 28. bxc5 Qa6 29. c6 1-0

[Event "SV Horrem 1 - SV Turm Bergheim 1"]
[Site "Verbandsliga - West 2016/2017"]
[Date "2016.12.18"]
[Round "5.3"]
[White "H�rtel, Stephan"]
[Black "Schulz, Wilhelm"]
[Result "0-1"]
[WhiteElo "1884"]
[BlackElo "2006"]
[PlyCount "144"]
[EventDate "2016.??.??"]
[WhiteTeam "SV Turm Bergheim 1"]
[BlackTeam "SV Horrem 1"]

1. e4 c5 2. d4 cxd4 3. c3 d5 4. exd5 Qxd5 5. cxd4 Nc6 6. Nf3 Bg4 7. Nc3 Qa5 8.
Be2 Nf6 9. O-O e6 10. Bf4 Be7 11. h3 Bh5 12. a3 O-O 13. b4 Qd8 14. Qd2 Rc8 15.
Rac1 Bxf3 16. Bxf3 Qxd4 17. Rfd1 Qxd2 18. Rxd2 Rfd8 19. Rxd8+ Nxd8 20. Kf1 Kf8
21. Ke1 a5 22. Na2 Rxc1+ 23. Bxc1 axb4 24. Nxb4 Ke8 25. Bb2 Kd7 26. Kd2 Ne8 27.
Nd3 f6 28. Kc2 Kc7 29. Kb3 g6 30. g4 Nd6 31. a4 N6f7 32. h4 f5 33. h5 Bd6 34.
hxg6 hxg6 35. gxf5 gxf5 36. Bf6 Nc6 37. Bh5 Nfe5 38. Nxe5 Bxe5 39. Bg5 Bd4 40.
f3 Kd6 41. Kc4 Bf2 42. Bc1 Ne5+ 43. Kc3 Kd5 44. f4 Bd4+ 45. Kc2 Ng4 46. Kd3
Nf2+ 47. Ke2 Ne4 48. Kd3 Nc5+ 49. Ke2 Kc4 50. Ba3 Nxa4 51. Kd2 Nc3 52. Kc2 Ne4
53. Bf7 Kd5 54. Kd3 Bc5 55. Bb2 Bd6 56. Ke3 Nc5 57. Bh5 Bxf4+ 58. Kxf4 Nd3+ 59.
Ke3 Nxb2 60. Bf3+ Ke5 61. Bxb7 Nc4+ 62. Kf3 Nd6 63. Bc6 Kf6 64. Ba8 Kg5 65. Bc6
e5 66. Ke3 Kg4 67. Bf3+ Kg3 68. Bd5 f4+ 69. Ke2 e4 70. Kf1 f3 71. Bb3 e3 72.
Bd1 Nc4 0-1

[Event "SV Horrem 1 - SV Turm Bergheim 1"]
[Site "Verbandsliga - West 2016/2017"]
[Date "2016.12.18"]
[Round "5.4"]
[White "Krings, Thomas"]
[Black "Buller, Ivan"]
[Result "1-0"]
[WhiteElo "1983"]
[BlackElo "1837"]
[PlyCount "75"]
[EventDate "2016.??.??"]
[WhiteTeam "SV Horrem 1"]
[BlackTeam "SV Turm Bergheim 1"]

1. d4 Nf6 2. Bg5 e6 3. e3 c5 4. Bd3 cxd4 5. exd4 h6 6. Bh4 d5 7. Qe2 Nc6 8. c3
g5 9. Bg3 Bd6 10. Nf3 Qc7 11. Nbd2 Bf4 12. Bxf4 Qxf4 13. O-O-O Qc7 14. Kb1 Bd7
15. Ne5 a6 16. Qf3 Ke7 17. Rhe1 Raf8 18. Nb3 Be8 19. c4 Nb4 20. Bf1 Ba4 21. Rc1
Bxb3 22. Qxb3 a5 23. a3 Ne4 24. Rxe4 dxe4 25. axb4 Rc8 26. b5 Rhd8 27. Qe3 f5
28. h4 Qd6 29. hxg5 Qxd4 30. Qg3 Rg8 31. g6 Rg7 32. Qh4+ Kd6 33. Qf6 Rcg8 34.
Nf7+ Kc5 35. Qe7+ Kb6 36. c5+ Ka7 37. c6 Rb8 38. c7 1-0

[Event "SV Horrem 1 - SV Turm Bergheim 1"]
[Site "Verbandsliga - West 2016/2017"]
[Date "2016.12.18"]
[Round "5.5"]
[White "Bergmann, Thomas"]
[Black "J�schke, Hans-Joachim"]
[Result "1/2-1/2"]
[WhiteElo "1731"]
[BlackElo "1796"]
[PlyCount "26"]
[EventDate "2016.??.??"]
[WhiteTeam "SV Turm Bergheim 1"]
[BlackTeam "SV Horrem 1"]

1. Nc3 Nf6 2. e4 d6 3. d4 c6 4. h3 Qa5 5. Bd2 Qb6 6. Nf3 Nbd7 7. e5 dxe5 8.
dxe5 Nd5 9. Nxd5 cxd5 10. Bc3 e6 11. Be2 Bc5 12. O-O O-O 13. a4 a5 1/2-1/2

[Event "SV Horrem 1 - SV Turm Bergheim 1"]
[Site "Verbandsliga - West 2016/2017"]
[Date "2016.12.18"]
[Round "5.6"]
[White "Tonev, Vasil"]
[Black "Kr�ckeberg, Bernd"]
[Result "0-1"]
[WhiteElo "1717"]
[BlackElo "1797"]
[PlyCount "94"]
[EventDate "2016.??.??"]
[WhiteTeam "SV Horrem 1"]
[BlackTeam "SV Turm Bergheim 1"]

1. e4 c6 2. d4 d5 3. exd5 cxd5 4. c4 Nf6 5. Nc3 Nc6 6. Nf3 Bg4 7. Be3 e6 8. a3
dxc4 9. Bxc4 Be7 10. h3 Bh5 11. g4 Bg6 12. Bb5 O-O 13. Bxc6 bxc6 14. Ne5 Qc7
15. Rc1 c5 16. Na4 Qb7 17. O-O cxd4 18. Nxg6 hxg6 19. Qxd4 Rfd8 20. Nc5 Qf3 21.
Qf4 Qxh3 22. Qg3 Qxg3+ 23. fxg3 Nxg4 24. Bf2 Rd2 25. b4 Nxf2 26. Rxf2 Bxc5 27.
Rxc5 Rd3 28. Rc7 f6 29. Kg2 Rxa3 30. Rd2 Kh7 31. Rdd7 Rg8 32. Rd6 Rb8 33. Rxe6
Rxb4 34. Rxf6 Rbb3 35. Rff7 Rxg3+ 36. Kf2 Rgc3 37. Rxg7+ Kh6 38. Rh7+ Kg5 39.
Rxa7 Rc2+ 40. Ke1 Rxa7 41. Rxa7 Kg4 42. Ra3 g5 43. Kf1 Kh4 44. Rf3 g4 45. Rf2
Rxf2+ 46. Kxf2 Kh3 47. Kg1 Kg3 0-1

[Event "SV Horrem 1 - SV Turm Bergheim 1"]
[Site "Verbandsliga - West 2016/2017"]
[Date "2016.12.18"]
[Round "5.7"]
[White "Esper, Tim"]
[Black "Morschel, Steffen"]
[Result "1/2-1/2"]
[WhiteElo "1512"]
[BlackElo "1717"]
[PlyCount "67"]
[EventDate "2016.??.??"]
[WhiteTeam "SV Turm Bergheim 1"]
[BlackTeam "SV Horrem 1"]

1. d4 Nf6 2. Nf3 e6 3. Bg5 c5 4. c3 h6 5. Bh4 cxd4 6. cxd4 Qa5+ 7. Nbd2 Ne4 8.
a3 Nxd2 9. Qxd2 Qxd2+ 10. Nxd2 Nc6 11. e3 d5 12. Bd3 Bd6 13. O-O g5 14. Bg3
Bxg3 15. hxg3 g4 16. Bb5 Bd7 17. f4 Ne7 18. Bd3 f5 19. Rac1 Rc8 20. Kf2 Kf7 21.
Nb1 a6 22. Rc3 Rxc3 23. bxc3 Rc8 24. Rc1 b5 25. Nd2 Rc6 26. Nb3 Bc8 27. Nc5 Ng8
28. a4 bxa4 29. Nxa4 Nf6 30. Nc5 Nd7 31. Na4 Nb6 32. Nc5 Nd7 33. Na4 Nb6 34.
Nc5 1/2-1/2

[Event "SV Horrem 1 - SV Turm Bergheim 1"]
[Site "Verbandsliga - West 2016/2017"]
[Date "2016.12.18"]
[Round "5.8"]
[White "Kl�pper, Karl"]
[Black "Otto, Friedhelm"]
[Result "1/2-1/2"]
[WhiteElo "1824"]
[BlackElo "1609"]
[PlyCount "55"]
[EventDate "2016.??.??"]
[WhiteTeam "SV Horrem 1"]
[BlackTeam "SV Turm Bergheim 1"]

1. Nf3 Nc6 2. d4 e6 3. c4 d5 4. e3 Nf6 5. Nc3 Be7 6. Be2 O-O 7. O-O b6 8. a3
Bb7 9. b4 dxc4 10. Bxc4 Nd5 11. Nxd5 exd5 12. Bd3 Bf6 13. Bb2 Ne7 14. Rc1 c6
15. Qb3 b5 16. Rfd1 a5 17. e4 dxe4 18. Bxe4 axb4 19. axb4 Nd5 20. Bxd5 cxd5 21.
Rc5 Qd7 22. Rdc1 Rfc8 23. Rxc8+ Rxc8 24. Rxc8+ Qxc8 25. Qc3 Qd7 26. Qe1 Kf8 27.
Bc3 h6 28. Ne5 1/2-1/2

[Event "SV Turm Bergheim 1 - DJK Arminia Eilendo"]
[Site "Verbandsliga - West 2016/2017"]
[Date "2016.11.27"]
[Round "4.1"]
[White "Sassenscheidt, Frank"]
[Black "Fuhs, J�rgen"]
[Result "1/2-1/2"]
[WhiteElo "1948"]
[BlackElo "2020"]
[PlyCount "48"]
[EventDate "2016.??.??"]
[WhiteTeam "DJK Arminia Eilendorf 1"]
[BlackTeam "SV Turm Bergheim 1"]

1. c4 c5 2. Nc3 Nf6 3. g3 d5 4. cxd5 Nxd5 5. Bg2 Nc7 6. Nf3 Nc6 7. O-O e5 8.
Ne1 Be6 9. Nd3 f6 10. Bxc6+ bxc6 11. Qa4 Qd7 12. b3 Nb5 13. Bb2 Nd4 14. f3 Be7
15. Nf2 O-O 16. d3 a5 17. Rac1 Rfb8 18. Ba1 Rb4 19. Qa3 c4 20. bxc4 Rb3 21. Qa4
Rxc3 22. Bxc3 Nxe2+ 23. Kg2 Bf5 24. Rc2 Nxc3 1/2-1/2

[Event "SV Turm Bergheim 1 - DJK Arminia Eilendo"]
[Site "Verbandsliga - West 2016/2017"]
[Date "2016.11.27"]
[Round "4.2"]
[White "B�chel, J�rgen"]
[Black "Olzem, Wolfgang"]
[Result "1/2-1/2"]
[WhiteElo "1797"]
[BlackElo "1807"]
[PlyCount "37"]
[EventDate "2016.??.??"]
[WhiteTeam "SV Turm Bergheim 1"]
[BlackTeam "DJK Arminia Eilendorf 1"]

1. b4 e5 2. Bb2 f6 3. e4 Bxb4 4. Bc4 Ne7 5. Qh5+ Ng6 6. Ne2 b5 7. Bxb5 c6 8.
Bd3 Ba6 9. f4 Bxd3 10. cxd3 O-O 11. f5 Nf4 12. Nxf4 exf4 13. Qg4 d5 14. Bc3 Bd6
15. O-O dxe4 16. dxe4 Re8 17. d3 Be5 18. Bxe5 fxe5 19. Nd2 1/2-1/2

[Event "SV Turm Bergheim 1 - DJK Arminia Eilendo"]
[Site "Verbandsliga - West 2016/2017"]
[Date "2016.11.27"]
[Round "4.3"]
[White "Haase, Georg"]
[Black "H�rtel, Stephan"]
[Result "0-1"]
[WhiteElo "1818"]
[BlackElo "1884"]
[PlyCount "80"]
[EventDate "2016.??.??"]
[WhiteTeam "DJK Arminia Eilendorf 1"]
[BlackTeam "SV Turm Bergheim 1"]

1. e4 c5 2. c3 d5 3. exd5 Qxd5 4. d4 Nf6 5. Nf3 e6 6. Be2 Nc6 7. O-O cxd4 8.
cxd4 Be7 9. Nc3 Qd6 10. Nb5 Qd8 11. Bf4 Nd5 12. Bg3 a6 13. Nc3 Bf6 14. Ne4 Be7
15. a3 O-O 16. Rc1 f5 17. Nc5 f4 18. Bd3 fxg3 19. hxg3 Bxc5 20. Rxc5 Qf6 21.
Be4 Rd8 22. Qd3 g6 23. Rd1 Nce7 24. Ne5 Bd7 25. Qb3 Bc6 26. Rd3 Rac8 27. Rf3
Nf5 28. Qd1 Qg7 29. g4 Nd6 30. Bb1 Ne7 31. Nxc6 Rxc6 32. Ba2 Nd5 33. Rxd5 exd5
34. Bxd5+ Kh8 35. Bxc6 bxc6 36. Qa4 Nb5 37. Qxa6 Nxd4 38. Re3 Qc7 39. Qc4 Qf4
40. Re7 Nf3+ 0-1

[Event "SV Turm Bergheim 1 - DJK Arminia Eilendo"]
[Site "Verbandsliga - West 2016/2017"]
[Date "2016.11.27"]
[Round "4.4"]
[White "Buller, Ivan"]
[Black "W�rzberg, Peter"]
[Result "1-0"]
[WhiteElo "1837"]
[BlackElo "1724"]
[PlyCount "67"]
[EventDate "2016.??.??"]
[WhiteTeam "SV Turm Bergheim 1"]
[BlackTeam "DJK Arminia Eilendorf 1"]

1. e4 e6 2. d4 d5 3. Nc3 Bb4 4. e5 c5 5. a3 Bxc3+ 6. bxc3 Qc7 7. Nf3 Nc6 8. Be2
Nge7 9. O-O O-O 10. Bd3 g6 11. Bh6 Re8 12. g4 Kh8 13. Bg5 Ng8 14. Qd2 Kg7 15.
Bf4 cxd4 16. cxd4 Qa5 17. Qd1 b6 18. Qe2 Bd7 19. Bd2 Qa4 20. Bb5 Nxd4 21. Nxd4
Qxd4 22. Bxd7 Red8 23. Bb5 Rac8 24. Rfd1 Qc5 25. Bd3 Qe7 26. Qe3 h6 27. Bb4 Qd7
28. f4 Ne7 29. Bxe7 Qxe7 30. f5 Qc5 31. Qxc5 bxc5 32. fxe6 fxe6 33. Rab1 c4 34.
Rb7+ 1-0